000 00672nam a2200241Ia 4500
003 OSt
005 20220918214508.0
006 a|||||r|||| 00| 0
007 ta
008 220917b |||||||| |||| 00| 0 eng d
024 _a137,684
037 _cTextual
040 _aARTS
_cARTS
_beng
041 _2eng
_aeng
082 _aXM55:Z2, J62;K1;6
100 _aShah Shantilal Mohanlal
_9117244
245 0 _aLectures on company law
_b a practical book for lawyers, businessmen and students
250 _a12th
260 _c1961
650 _aECONOMICS
942 _hXM55:Z2, J62;K1;6
_cTEXL
_2CC
999 _c260763
_d260763